000 00892nam a2200265Ia 4500
003 OSt
005 20221005111009.0
006 a|||||r|||| 00| 0
007 ta
008 221004b |||||||| |||| 00| 0 hin d
020 _a9788183611244 (hbk)
_c320
024 _a15442
037 _bBR6149, 23/12/2014, Rajkamal Prakashan Pvt. Ltd.
_cTextual
040 _aCRL
_cCRL
_bhin
041 _2hin
_ahin
082 _aO152,3N234x, P7
100 _aशिवानी
245 0 _aचिरस्वयंवरा
246 _aChirasvayanvarā
260 _aनई दिल्ली
_bराधाकृष्ण भारत
_c2011
300 _a131पृ0
_ccm.
650 _aहिन्दी साहित्य
942 _hO152,3N234x, P7
_cTEXL
_2cc
999 _c1020517
_d1020517